000
00307nam a22001337a 4500
008
170209b xxu||||| |||| 00| 0 eng d
020
_a
9780136061328
041
_a
eng
080
_2
5ED
_a
61
100
_a
4
101
_a
SHM
245
_a
GENDER IN CROSS CULTURAL PRESPEVCTIVE
_c
BRENTTELL
942
_2
udc
_c
BK
999
_c
5038
_d
5038